Shukla & Grewal's Cost Accounting-II/ (Record no. 210288)
[ view plain ]
| 000 -LEADER | |
|---|---|
| fixed length control field | 00665nam a22002057a 4500 |
| 005 - DATE AND TIME OF LATEST TRANSACTION | |
| control field | 20250313125335.0 |
| 010 ## - LCCN (DPL NO) | |
| LC control number | ENG-144027 |
| 020 ## - INTERNATIONAL STANDARD BOOK NUMBER | |
| International Standard Book Number | 9789352836420 |
| Terms of availability | 375.00 |
| 035 ## - SYSTEM CONTROL NUMBER | |
| System control number | EN-127559 |
| 037 ## - SOURCE OF ACQUISITION | |
| Source of stock number/acquisition | DBAD |
| 082 ## - DEWEY DECIMAL CLASSIFICATION NUMBER | |
| Classification number | 657.42 |
| 100 ## - MAIN ENTRY--PERSONAL NAME | |
| Personal name | Gupta, M P |
| 245 ## - TITLE STATEMENT | |
| Title | Shukla & Grewal's Cost Accounting-II/ |
| Statement of responsibility, etc | by M P Gupta |
| 250 ## - EDITION STATEMENT | |
| Edition statement | 1 |
| 260 ## - PUBLICATION, DISTRIBUTION, ETC. (IMPRINT) | |
| Place of publication, distribution, etc | New Delhi |
| Name of publisher, distributor, etc | S. Chand Publishing |
| Date of publication, distribution, etc | 2019 |
| 270 ## - ADDRESS | |
| Address | A-27, 2nd Floor, Mohan Co-Operative Industrial Estate |
| City | New Delhi |
| Postal code | 110044 |
| 300 v# - PHYSICAL DESCRIPTION | |
| Extent | vpp. |
| Dimensions | 23cm(pb) |
| 500 ## - GENERAL NOTE | |
| General note | (As per B.Com. CBCS Curriculum, Semester-IV of The University of Burdwan) |
| 942 ## - ADDED ENTRY ELEMENTS (KOHA) | |
| Source of classification or shelving scheme | Dewey Decimal Classification |
| Item type | English Books |
| Call number suffix | GUP |
| Classification part | 657.42 |
| Withdrawn status | Lost status | Not for loan | Collection code | Home library | Current library | Date acquired | Source of acquisition | Cost, normal purchase price | Full call number | Barcode | Copy number | Cost, replacement price | Koha item type |
|---|---|---|---|---|---|---|---|---|---|---|---|---|---|
| Non-fiction | Kasturba Gandhi Marg | Kasturba Gandhi Marg | 13/03/2025 | Delivery of Books Act Division | 375.00 | GUP 657.42 | EN-127559 | 1 | 375.00 | English Books |
